Practical manual of college botany : (Record no. 136981)

MARC details
000 -LEADER
fixed length control field 00674nam a22002057a 4500
010 ## - LIBRARY OF CONGRESS CONTROL NUMBER
LC control number A-945691
020 ## - INTERNATIONAL STANDARD BOOK NUMBER
Terms of availability 195.00
035 ## - SYSTEM CONTROL NUMBER
System control number A-945691
037 ## - SOURCE OF ACQUISITION
Source of stock number/acquisition Cen Lib / Ret
040 ## - CATALOGING SOURCE
Original cataloging agency DPL
Language of cataloging EN
082 ## - DEWEY DECIMAL CLASSIFICATION NUMBER
Classification number 581.0287
Item number SUN
100 ## - MAIN ENTRY--PERSONAL NAME
Personal name S. Sundara Rajan
245 ## - TITLE STATEMENT
Title Practical manual of college botany :
Remainder of title microbiology plant pathology, mycology, phycology, bryophytes and plant anatomy /
Statement of responsibility, etc by S. Sundara Rajan
260 ## - PUBLICATION, DISTRIBUTION, ETC. (IMPRINT)
Place of publication, distribution, etc Mumbai
Name of publisher, distributor, etc Himalaya Publishing House
Date of publication, distribution, etc 1999
270 ## - ADDRESS
Address Dr. Bhalerao Marg, Girgaon
City Mumbai
Postal code 400004
300 ## - PHYSICAL DESCRIPTION
Extent 122p ;
Dimensions 27cm(Hb)
650 ## - SUBJECT ADDED ENTRY--TOPICAL TERM
Topical term or geographic name as entry element Microbiology
650 ## - SUBJECT ADDED ENTRY--TOPICAL TERM
Topical term or geographic name as entry element Plant Pathology
942 ## - ADDED ENTRY ELEMENTS (KOHA)
Source of classification or shelving scheme Dewey Decimal Classification
Koha item type English Books
Classification part 581.0287
Call number suffix SUN
Holdings
Withdrawn status Lost status Source of classification or shelving scheme Materials specified (bound volume or other part) Damaged status Not for loan Home library Current library Date acquired Source of acquisition Cost, normal purchase price Total Checkouts Full call number Barcode Date last seen Copy number Cost, replacement price Price effective from Koha item type
    Dewey Decimal Classification v 1     Central Library Central Library 14/03/2016 Cen Lib/Ret 195.00   581.0287 SUN A-945691 14/03/2016 1 195.00 14/03/2016 English Books

© Delhi Public Library
Hit Counter
free hit counter